01296nac a22003137a 4500001001000000003000900010005001700019008003400036040005400070072001300124090001900137100001800156100001400174110007400188245013200262246013000394260003800524300000900562490008900571650001900660650001500679650002500694650002100719650001300740909004700753942001700800999001900817952014600836BR8400033BR-BrBNA20240105115921.0230509b bl.|||m| |||| 00| 0 por d aBR-BrBNAbporcBiblioteca Nacional de Agricultura aH20; F00 a1540 BR84000331 aCosta, I.R.S.1 aPerim, S.1 aCentro de Pesquisa Agropecuaria dos Cerrados, Planaltina, DF (Brasil)1 aVariedades de mandioca-brava, resistentes a bacteriose, para a regiao geo-economica de Brasilia [Xanthomonas manihotis, Brasil]1 a[Varieties of wild cassava, resistant to bacteriosis for the geo-economic region of Brasilia [Xanthomonas manihotis, Brazil]]3 aPlanaltina, DF (Brasil): c1983.  a6 p. aComunicado Tecnico - Centro de Pesquisa Agropecuaria dos Cerrados (Brazil)vno. 31x aMANDIOCA BRAVA aBACTERIOSE aVARIEDADE RESISTENTE aPRATICA CULTURAL aBRASILIA a202312bLúcia Elandec55dLúcia Elande 2AGRISn0cMS c277068d277068 002AGRIS40708Acervo Gerala41918b41918cAGROBASEl0o1540 BR8400033p1540 BR8400033r2023-12-18yMSePortaria Interministerial nº 164/94